Normal view
MARC view
- Munro, William .B
Entry Personal Name
001 - CONTROL NUMBER
- control field: 66515
003 - CONTROL NUMBER IDENTIFIER
- control field: NUST
005 - DATE AND TIME OF LATEST TRANSACTION
- control field: 20210628203614.0
008 - FIXED-LENGTH DATA ELEMENTS
- fixed length control field: 210628|| aca||aabn | a|a d
040 ## - CATALOGING SOURCE
- Original cataloging agency: NUST
- Transcribing agency: NUST
100 ## - HEADING--PERSONAL NAME
- Personal name: Munro, William .B
670 ## - SOURCE DATA FOUND
- Source citation: Work cat.: (NUST): Munro, William .B, The government of the united states, national, state, and local, 2007
